00990nam a2200229 a 450000500170000001000140001702000270003103500130005803700270007108200100009810000230010824500760013126001070020727000670031430000390038150400500042052001450047065000200061565000260063565000320066171000670069320110404110720.0 a B-425043 a9788173053610c1250.00 aB-425043 bResearchco Book Centre a279.31 aSrivastava, Kumkum14aThe wandering Sufis :bQalandars and their path /cby Kumkum Srivastava aNew DelhibIndira Gandhi Rashtriya Manav Sangrahalaya and Aryan Books International, New Delhi,c2009. aPooja Apartment, 4B, Ansari Road, DaryaganjbNew Delhie110002 axviii, 267 p. c25 cm(Hb) bphotos aIncludes bibliographical references and index aStudy of Qalandarīyah, Sufi sect from perspective of historical anthropology and their shrines in Delhi and Pānīpat in Haryana, India. 0aQalandarīyah. 0aSufismzIndiazDelhi. 0aSufismzIndiazPānīpat.2 aIndirā Gāndhī Rāshṭrīya Mānava Saṅgrahālaya.